| 000 | 00977nam a22001937a 4500 | ||
|---|---|---|---|
| 003 | BD-DhUL | ||
| 005 | 20160821172722.0 | ||
| 008 | 160821b1993 bgu||||| |||| 00| 0 eng d | ||
| 040 |
_aBD-DhUL _cBD-DhUL |
||
| 082 |
_a320.92 _bMIB |
||
| 100 | _aমিয়া, এম.এ.ওয়াজেদ | ||
| 245 | _aবঙ্গবন্ধু শেখ মুজিবকে ঘিরে কিছু ঘটনা ও বাংলাদেশ / | ||
| 260 |
_aঢাকা : _bদি ইউনির্ভাসিটি প্রেস; _c১৯৯৩. |
||
| 300 |
_a৫, ৪৫৩ পৃ. : _bচিত্র ; _c২২ সে.মি. |
||
| 504 | _aগ্রন্থপঞ্জিগত তথ্য ও র্নিঘণ্ট সংবলিত । | ||
| 650 | _aরহমান, বঙ্গবন্ধু শেখ মুজিবুর - ইতিহাস ও সমালোচনা | ||
| 650 | _aRahman , Sheikh Mujibur - History and criticism | ||
| 942 |
_2ddc _cBK |
||
| 999 |
_c100033 _d100033 |
||